Loading...
Fine Arts - Visual Fine Arts | 4 | 4 | 3 | 1 | 85 | 65 | 87.50 | 5 | 8 |
Literature - World Literature | 2 | 3 | 1 | 1 | 55 | 68 | 99.20 | 3 | 5 |
Literature - American Literature | 1 | 3 | 0 | 0 | 45 | 77 | 92.00 | 3 | 4 |
Literature - British Literature | 1 | 2 | 0 | 1 | 35 | 35 | 85.67 | 2 | 3 |
History - European History | 2 | 0 | 1 | 0 | 25 | 38 | 43.00 | 2 | 2 |
Other Academic | 0 | 2 | 0 | 0 | 20 | 92 | 97.50 | 0 | 2 |
History - Ancient History | 1 | 1 | 1 | 1 | 20 | 70 | 100.50 | 1 | 2 |
Science - Chemistry | 0 | 2 | 0 | 2 | 20 | 136 | 141.00 | 0 | 2 |
Literature - European Literature | 0 | 2 | 1 | 0 | 15 | 114 | 116.50 | 1 | 2 |
Science - Other Science | 0 | 1 | 0 | 1 | 10 | 143 | 143.00 | 0 | 1 |
Science - Biology | 0 | 1 | 0 | 0 | 10 | 108 | 108.00 | 0 | 1 |
Fine Arts - Auditory Fine Arts | 0 | 1 | 0 | 1 | 10 | 153 | 153.00 | 1 | 1 |
Religion | 0 | 1 | 0 | 0 | 10 | 120 | 120.00 | 0 | 1 |
Philosophy | 0 | 0 | 1 | 0 | -5 | 0.00 | 0 | 0 | |
History - American History | 0 | 0 | 1 | 0 | -5 | 0.00 | 0 | 0 |